| 000 | 00678nam a2200253Ia 4500 | ||
|---|---|---|---|
| 003 | 0100 | ||
| 008 | 130303s9999 xx 000 0 und d | ||
| 040 | _cARRUPELIB | ||
| 050 | _aB765.T531 1984 | ||
| 100 | _aSt. Thomas Aquinas | ||
| 245 | _aQuestions on the soul | ||
| 245 | _bquaetiones de anima | ||
| 260 | _aMilwaukee, Wisconsin | ||
| 260 | _bMarquette University Press | ||
| 260 | _C1984 | ||
| 300 | _a275p. | ||
| 300 | _b 23cm. | ||
| 440 | _aMediaeval philosophical texts in translation, No. 27 | ||
| 650 | _aPHILOSOPHY | ||
| 650 | _bThe philosophical writings of Descartes | ||
| 650 | _cCottingham, John | ||
| 650 | _dStroothoff, Robert | ||
| 942 | 0 | 0 | _01 |
| 999 |
_c24122 _d24122 |
||